| 000 | 00428nam a2200145Ia 4500 | ||
|---|---|---|---|
| 008 | 220217s9999||||xx |||||||||||||| ||und|| | ||
| 020 | _a81-7867-266-9 | ||
| 082 | _a004.2 HEN | ||
| 100 |
_aHannessy, John, L Patterson, David, A _93381 |
||
| 245 | 0 | _aComputer architecture: A quantitative approach | |
| 250 | _a3rd | ||
| 260 |
_aMorgan kaufmann _bSan Francisco _c2003 |
||
| 300 | _b395 | ||
| 650 | _aCOMPUTER ARCHITECTURE | ||
| 999 |
_c171535 _d171535 |
||